The impact of imported vegetables on the local production in kandal province, ឥទ្ធិពលនៃបន្លែនាំចូលលើផលិតកម្មក្នុងស្រុក នៅខេត្តកណ្តាល (Record no. 4573)
[ view plain ]
| 000 -LEADER | |
|---|---|
| fixed length control field | 00600nam a22001577a 4500 |
| 003 - CONTROL NUMBER IDENTIFIER | |
| control field | OSt |
| 005 - DATE AND TIME OF LATEST TRANSACTION | |
| control field | 20151216142517.0 |
| 008 - FIXED-LENGTH DATA ELEMENTS--GENERAL INFORMATION | |
| fixed length control field | 151216b xxu||||| |||| 00| 0 eng d |
| 040 ## - CATALOGING SOURCE | |
| Transcribing agency | RUA |
| 082 ## - DEWEY DECIMAL CLASSIFICATION NUMBER | |
| Classification number | AED THA 2006 B224 Or.1 |
| 100 ## - MAIN ENTRY--PERSONAL NAME | |
| 9 (RLIN) | 4920 |
| Personal name | THAN, VISAL. |
| 245 ## - TITLE STATEMENT | |
| Title | The impact of imported vegetables on the local production in kandal province, ឥទ្ធិពលនៃបន្លែនាំចូលលើផលិតកម្មក្នុងស្រុក នៅខេត្តកណ្តាល |
| 260 ## - PUBLICATION, DISTRIBUTION, ETC. (IMPRINT) | |
| Place of publication, distribution, etc. | Phnom Penh |
| Name of publisher, distributor, etc. | RUA |
| Date of publication, distribution, etc. | 2006 |
| 300 ## - PHYSICAL DESCRIPTION | |
| Extent | x, 42p. |
| Other physical details | ill. |
| Dimensions | 29cm. |
| 942 ## - ADDED ENTRY ELEMENTS (KOHA) | |
| Source of classification or shelving scheme | |
| Koha item type | AED |
| Price effective from | Date last seen | Permanent Location | Not for loan | Date acquired | Source of classification or shelving scheme | Koha item type | Lost status | Withdrawn status | Date last checked out | Total Checkouts | Shelving location | Damaged status | Barcode | Current Location | Full call number |
|---|---|---|---|---|---|---|---|---|---|---|---|---|---|---|---|
| 2015-12-16 | 2015-12-16 | Library Block B | 2015-12-16 | AED | B224 | RUA012097 | Library Block B | AED THA 2006 B224 Or.1 | |||||||
| 2015-12-16 | 2018-04-06 | Library Block B | 2015-12-16 | AED | 2018-03-23 | 1 | B224 | RUA034064 | Library Block B | AED THA 2006 B224 Or.2 | |||||
| 2015-12-16 | 2015-12-16 | Library Block B | 2015-12-16 | AED | B224 | RUA012240 | Library Block B | AED THA 2006 B224 Or.3 | |||||||
| 2015-12-16 | 2015-12-16 | Library Block B | 2015-12-16 | AED | B224 | RUA012741 | Library Block B | AED THA 2006 B224 Or.4 | |||||||
| 2015-12-16 | 2015-12-16 | Library Block B | 2015-12-16 | AED | B224 | RUA012456 | Library Block B | AED THA 2006 B224 Or.5 |